000 005360000a22002050004500
003 LK-CoMWRAF
005 20231103131710.0
008 230817t ||||| |||| 00| 0 eng d
020 _a0708839266
040 _aLK-CoMWRAF
_dLK-CoMWRAF
_eLK-CoMWRAF
041 _aeng
082 _a955.053
_bAZA
100 _aAzadi, Sousan
100 _aFerrante, Angela
245 _aOut of Iran :
_bOne woman's escape from the Ayatollahs
260 _aLondon :
_bFutura,
_c1988
300 _a 327 p. ; 22 cm.
650 _aAyatollah
942 _cBK
999 _c1461
_d1461